000
00299nam a2200121Ia 4500
008
190216s9999||||xx |||||||||||||| ||und||
100
_a
Arnold Bennett
245
4
_a
The Grand Babylon Hotel
260
_b
"Amrutha Publications, Kunnamkulam"
_c
1995
300
_a
192p
650
_a
Novel
942
_c
BK
999
_c
13848
_d
13848